Booktok Books - Statistics

General Stats
  • This quiz has been taken 323 times
  • The average score is 11 of 21
Answer Stats
Book author % Correct
A Court Of Thorns And Roses Sarah J Maas
84%
Verity Colleen Hoover
82%
Twisted Games Ana Huang
80%
The Cruel Prince Holly Black
78%
Fourth Wing Rebecca Yarros
73%
Love Theoretically Ali Hazelwood
71%
Good Girls Guide to Murder Holly Jackson
67%
Book Lovers Emily Henry
62%
Caraval Stephanie Garber
57%
Seven Husbands of Evelyn Hugo Taylor Jenkins Reid
57%
Icebreaker Hannah Grace
56%
Six Of Crows Leigh Bardugo
54%
Binding 13 Chloe Walsh
53%
Better Than the Movies Lynn painter
50%
The Song of Achilles Madeline Miller
44%
Babel R.F Kuang
34%
Throttled Lauren Asher
33%
Haunting Adeline H.D Carlton
30%
Magnolia Parks Jessa Hastings
24%
It Happened One Summer Tessa Bailey
24%
Kingdom of the Wicked Kerri Maniscalco
18%
No matching quizzes found
Score Distribution
Percent of People with Each Score
Percentile by Number Answered
Your Score History
You have not taken this quiz